[Event "AUTO-OPEN-2429"]
[Site "http://www.queenalice.com/game.php?id=966622"]
[Date "2011.7.30"]
[Round "1"]
[White "alesson"]
[Black "arthurgomes"]
[Result "0-1"]
[WhiteElo "1684"]
[BlackElo "1779"]

1. e4 e5 2. Qh5 Qf6 3. d3 Bc5 4. Nf3 Nc6 5. Bg5 Qe6 6. g3 h6 7. Bh3 Qd6 8. Nc3
Nf6 9. Bxf6 Qxf6 10. Nd5 Qd6 11. O-O g6 12. Qh4 Nd4 13. Nxd4 exd4 14. Nf6+ Kf8
15. a3 g5 16. Nxd7+ Bxd7 17. Bxd7 gxh4 18. gxh4 Qxd7 19. b4 Qg4+ 20. Kh1 Qf3+
0-1

[Event "AUTO-OPEN-2429"]
[Site "http://www.queenalice.com/game.php?id=966623"]
[Date "2011.7.30"]
[Round "1"]
[White "arthurgomes"]
[Black "alesson"]
[Result "1-0"]
[WhiteElo "1791"]
[BlackElo "1672"]

1. e4 e5 2. Qh5 Qf6 3. Bc4 a6 4. a4 Bc5 5. Nf3 d6 6. Qg5 h6 7. Qg3 Ne7 8. O-O
O-O 9. Nc3 Be6 10. Nd5 Nxd5 11. exd5 Bf5 12. d3 e4 13. Nh4 g5 14. Nxf5 Qxf5 15.
dxe4 Qxe4 16. b3 Nd7 17. Be3 Bxe3 18. Qxe3 Qxc2 19. Bd3 Qc3 20. Bh7+ Kxh7 21.
Rac1 1-0

[Event "AUTO-OPEN-2429"]
[Site "http://www.queenalice.com/game.php?id=966624"]
[Date "2011.7.30"]
[Round "1"]
[White "alesson"]
[Black "RafaelCabral"]
[Result "0-1"]
[WhiteElo "1672"]
[BlackElo "2147"]

1. e4 c5 2. Qh5 e6 3. Bc4 Nf6 4. Qf3 Nc6 5. Ne2 Ne5 6. Qc3 Qc7 7. d3 a6 8. O-O
Nfg4 9. h3 Nf3+ 10. gxf3 Qh2# 0-1

[Event "AUTO-ADV-2234"]
[Site "http://www.queenalice.com/game.php?id=966725"]
[Date "2011.7.30"]
[Round "1"]
[White "arthurgomes"]
[Black "alesson"]
[Result "1-0"]
[WhiteElo "1812"]
[BlackElo "1651"]

1. e4 e5 2. Qh5 Qf6 3. Nf3 d6 4. Nc3 g6 5. Qg5 Qxg5 6. Nxg5 Bh6 7. Nd5 Bxg5 8.
Nxc7+ Kd7 9. Nxa8 Na6 10. Bb5+ Kd8 11. a3 Nc5 12. d3 Bxc1 13. Rxc1 Be6 14. b4
Nd7 15. O-O Kc8 16. f4 exf4 17. Rxf4 Kb8 18. Bxd7 1-0

[Event "AUTO-ADV-2234"]
[Site "http://www.queenalice.com/game.php?id=966726"]
[Date "2011.7.30"]
[Round "1"]
[White "alesson"]
[Black "arthurgomes"]
[Result "0-1"]
[WhiteElo "1661"]
[BlackElo "1802"]

1. e4 e5 2. Qh5 Qf6 3. d3 Be7 4. Nf3 Nc6 5. Bg5 Qg6 6. Qxg6 hxg6 7. Bxe7 Ngxe7
8. Nc3 b6 9. Be2 Nb4 10. O-O-O Nec6 11. Nb5 Na6 12. Ng5 Nd4 13. Nxd4 exd4 14. g3
f6 15. Nf3 c5 16. h4 Nb4 17. a3 Nc6 18. g4 Ne5 19. Nxe5 fxe5 20. Rdf1 d6 21. f3
O-O 0-1

[Event "AUTO-ADV-2234"]
[Site "http://www.queenalice.com/game.php?id=966735"]
[Date "2011.7.30"]
[Round "1"]
[White "alesson"]
[Black "jiujitsubr"]
[Result "0-1"]
[WhiteElo "1582"]
[BlackElo "1915"]

1. e4 c5 2. Nh3 d6 3. c4 Nf6 4. Bd3 g6 5. Qa4+ Bd7 6. Qb3 Bc6 7. Nc3 Bg7 8. O-O
O-O 9. a3 Nbd7 10. Bc2 a6 11. d3 Rb8 12. Ne2 b5 13. cxb5 Bxb5 14. Nc3 Bxd3 15.
Qa4 Bxf1 16. Kxf1 Qb6 17. Nd5 Nxd5 18. exd5 Qb5+ 19. Qxb5 axb5 20. Rb1 Ne5 21.
b4 Rfc8 22. bxc5 dxc5 23. f4 Nc4 24. a4 b4 25. Bb3 Nd6 26. g4 c4 27. Bd1 b3 28.
Be3 Ne4 29. Nf2 Nxf2 30. Kxf2 c3 31. Bxb3 Rb4 32. Bc2 Rxb1 33. Bxb1 c2 34. Bxc2
Rxc2+ 35. Kg3 Rc3 36. Kf3 Bd4 37. Ke4 Bxe3 38. h4 Bb6 39. f5 Rc4+ 40. Ke5 Rxg4
41. fxg6 hxg6 42. h5 Bd4# 0-1

[Event "AUTO-ADV-2234"]
[Site "http://www.queenalice.com/game.php?id=966736"]
[Date "2011.7.30"]
[Round "1"]
[White "jiujitsubr"]
[Black "alesson"]
[Result "1-0"]
[WhiteElo "1868"]
[BlackElo "1695"]

1. d4 d5 2. c4 dxc4 3. Nc3 Nf6 4. e3 Be6 5. Qa4+ c6 6. Nf3 b5 7. Qc2 Na6 8. a4
b4 9. Ne2 b3 10. Qd1 Qa5+ 11. Bd2 Qb6 12. Nc3 Bg4 13. Bxc4 Bxf3 14. Qxf3 e6 15.
a5 Qb7 16. O-O Bd6 17. e4 O-O 18. e5 Bxe5 19. dxe5 Nd7 20. Qg3 Rab8 21. Bh6 f6
22. Qxg7# 1-0

[Event "AUTO-INT-2101"]
[Site "http://www.queenalice.com/game.php?id=966856"]
[Date "2011.7.30"]
[Round "1"]
[White "alesson"]
[Black "geert"]
[Result "0-1"]
[WhiteElo "1599"]
[BlackElo "1545"]

1. e4 c5 2. Nf3 d6 3. Bb5+ Bd7 4. Bxd7+ Nxd7 5. O-O Ngf6 6. d3 e6 7. Bg5 Be7 8.
Bxf6 Bxf6 9. c3 O-O 10. Na3 Ne5 11. Nxe5 Bxe5 12. g3 d5 13. exd5 exd5 14. f4 Bc7
15. c4 Bb6 16. cxd5 Qxd5 17. h4 c4+ 0-1

[Event "AUTO-INT-2101"]
[Site "http://www.queenalice.com/game.php?id=966857"]
[Date "2011.7.30"]
[Round "1"]
[White "geert"]
[Black "alesson"]
[Result "1-0"]
[WhiteElo "1563"]
[BlackElo "1581"]

1. d4 c5 2. d5 e5 3. dxe6 fxe6 4. e3 Qa5+ 5. Bd2 Qb6 6. b3 d5 7. Nf3 Nf6 8. Bd3
Nc6 9. O-O e5 10. Ng5 h6 11. Nh3 Bxh3 12. gxh3 e4 13. Be2 Bd6 14. Bh5+ Nxh5 15.
Qxh5+ Kf8 16. Qxd5 Bb8 17. Qxe4 1-0

[Event "AUTO-INT-2101"]
[Site "http://www.queenalice.com/game.php?id=966858"]
[Date "2011.7.30"]
[Round "1"]
[White "alesson"]
[Black "jcwarmling"]
[Result "1-0"]
[WhiteElo "1560"]
[BlackElo "1698"]

1. e4 e5 2. Qh5 Nf6 3. Qxe5+ Be7 4. d3 Nc6 5. Qg3 g6 6. b3 Nd4 7. Kd2 c6 8. Nc3
Bb4 9. a3 Qa5 10. Bb2 Be7 11. e5 Nh5 12. Qe3 Bg5 13. Qxg5 f6 14. Qg4 Qxe5 15.
Re1 Qxe1+ 16. Kxe1 O-O 17. Qxd4 Re8+ 18. Be2 d5 19. Nf3 Bf5 20. Nh4 Bd7 21. Kf1
f5 22. Na4 b6 23. Qh8+ Kf7 24. Qxh7+ Ng7 25. Qxg7+ Ke6 26. Qxg6+ Ke7 27. Qf6#
1-0

[Event "AUTO-INT-2101"]
[Site "http://www.queenalice.com/game.php?id=966860"]
[Date "2011.7.30"]
[Round "1"]
[White "alesson"]
[Black "roqqk38"]
[Result "0-1"]
[WhiteElo "1619"]
[BlackElo "1616"]

1. e4 e5 2. Qh5 d6 3. Bb5+ c6 4. Bc4 Nh6 5. d3 g6 6. Qf3 g5 7. h4 Ng4 8. hxg5
Be7 9. Nc3 Rf8 10. Rxh7 f5 11. exf5 Bxf5 12. Qh3 Kd7 13. Rh5 Nxf2 14. Qf3 Bg6
15. Qe2 Bxh5 16. Qxh5 d5 17. Bb3 Qb6 18. Nf3 Na6 19. Na4 Bb4+ 20. c3 Nxd3+ 21.
Kd1 Nf2+ 22. Ke2 Qb5+ 23. Kxf2 Bc5+ 24. Nxc5+ Nxc5 25. Kg3 Qd3 26. Kf2 Ne4+ 27.
Kg1 Rae8 28. Qh7+ Kc8 29. g6 Qe2 30. g7 Qf2+ 31. Kh1 Rg8 0-1

[Event "AUTO-INT-2101"]
[Site "http://www.queenalice.com/game.php?id=966861"]
[Date "2011.7.30"]
[Round "1"]
[White "roqqk38"]
[Black "alesson"]
[Result "0-1"]
[WhiteElo "1623"]
[BlackElo "1670"]

1. e4 e5 2. d3 c5 3. Nf3 d6 4. c4 Qa5+ 5. Bd2 Qb6 6. b3 Bg4 7. h3 Bxf3 8. Qxf3
Nf6 9. a4 Qxb3 10. Qf5 Nc6 11. Be2 Qb2 12. Bc3 Qc1+ 13. Bd1 Nd4 14. Bxd4 cxd4
15. O-O Be7 16. a5 O-O 17. g4 g6 18. Qf3 Rab8 19. Qg3 b6 20. a6 b5 21. cxb5 Rxb5
22. Ba4 Qb2 23. Nc3 Rb6 24. Nd5 Nxd5 25. Bd7 Nc3 26. f4 Ne2+ 27. Kf2 Nxg3+ 28.
Kxg3 exf4+ 29. Kxf4 g5+ 30. Kg3 Qe2 31. Rf3 Rb2 0-1